000 00373 a2200121 4500
001 ART_10116
005 20260410161612.0
008 260409a
245 1 0 _aQué significa trabajar aquí
100 1 _aErickson, Tamara J.
700 1 _aGratton, Lynda
773 0 _tHarvard Business Review
_gDiseñar la estrategia - Vol. 85, Nº 3 (mar. 2007)
_wREV340
999 _c10775
_d10775